000
00326nam a2200133Ia 4500
005
20260326235444.0
008
260326s9999||||xx |||||||||||||| ||und||
100
_a
Samper Gnecco, Germán
245
0
_a
Recinto Urbano /
_c
Germán Samper Gnecco
260
_b
Escala
300
_a
285 p.
650
_a
DISEÑO URBANO
942
_c
BK
999
_c
7518
_d
7518